Polscy Złoci Medaliści Igrzysk Olimpijskich - Statystyki

Ogólne statystyki
  • Ten quiz został rozwiązany 239 razy
  • Średni wynik to 47 z 130
Statystyki odpowiedzi
Wskazówka Odpowiedź % Poprawnych
2012 Londyn | 2016 Rio de Janeiro | 2020 Tokio Anita Włodarczyk
83%
2014 Soczi | 2018 Pjongczang Kamil Stoch
80%
1968 Meksyk | 1976 Montreal Irena Szewińska
79%
2010 Vancouver | 2014 Soczi Justyna Kowalczyk
75%
1996 Atlanta | 2000 Sydney | 2004 Ateny Robert Korzeniowski
75%
1980 Moskwa Jan Kowalczyk
74%
2024 Paryż Aleksandra Mirosław
73%
2004 Ateny Otylia Jędrzejczak
69%
1980 Moskwa Władysław Kozakiewicz
63%
2014 Soczi Zbigniew Bródka
63%
2008 Pekin | 2012 Londyn Tomasz Majewski
62%
1972 Sapporo Wojciech Fortuna
59%
1964 Tokio | 1968 Meksyk Jerzy Kulej
55%
1972 Monachium Grzegorz Lato
54%
1996 Atlanta Renata Mauer
54%
1972 Monachium Jerzy Kaczmarek
52%
2020 Tokio Justyna Święty-Ersetić
52%
1972 Monachium Kazimierz Deyna
52%
1928 Amsterdam Halina Konopacka
50%
1932 Los Angeles Janusz Kusociński
50%
2000 Sydney Kamila Skolimowska
50%
2020 Tokio Natalia Kaczmarek
50%
2020 Tokio Wojciech Nowicki
50%
1972 Monachium Władysław Komar
46%
2020 Tokio Dawid Tomala
44%
1972 Monachium Jerzy Gorgoń
44%
1996 Atlanta Paweł Nastula
44%
2008 Pekin Leszek Blanik
41%
1972 Monachium Włodzimierz Lubański
40%
2000 Sydney Szymon Ziółkowski
38%
2012 Londyn Adrian Zieliński
37%
2020 Tokio Kajetan Duszyński
37%
1972 Monachium Robert Gadocha
37%
2020 Tokio Karol Zalewski
35%
1964 Tokio | 1968 Meksyk Waldemar Baszanowski
35%
1988 Seul | 1996 Atlanta Andrzej Wroński
34%
2008 Pekin Szymon Kołecki
34%
1988 Seul | 1992 Barcelona Waldemar Legień
34%
1996 Atlanta Mateusz Kusznierewicz
33%
1932 Los Angeles Stanisława Walasiewicz
33%
1980 Moskwa Bronisław Malinowski
32%
1976 Montreal Jacek Wszoła
32%
1976 Montreal Tadeusz Ślusarski
32%
1960 Rzym | 1964 Tokio Józef Szmidt
30%
1996 Atlanta Ryszard Wolny
30%
1972 Monachium Hubert Kostka
29%
2020 Tokio Małgorzata Hołub-Kowalik
29%
2000 Sydney | 2004 Ateny Robert Sycz
29%
2000 Sydney | 2004 Ateny Tomasz Kucharski
29%
2008 Pekin Adam Korol
28%
1992 Barcelona Arkadiusz Skrzypaszek
28%
1976 Montreal Janusz Pyciak-Peciak
28%
1968 Meksyk Jerzy Pawłowski
28%
1964 Tokio Józef Grudzień
28%
1964 Tokio Marian Kasprzyk
28%
2008 Pekin Marek Kolbowicz
27%
1972 Monachium Antoni Szymanowski
26%
1964 Tokio Teresa Ciepły
26%
1976 Montreal Tomasz Wójtowicz
26%
1960 Rzym Zdzisław Krzyszkowiak
26%
1956 Melbourne Elżbieta Krzesińska
25%
2020 Tokio Iga Baumgart-Witan
25%
1968 Meksyk | 1972 Monachium Józef Zapędzki
25%
1964 Tokio Egon Franke
24%
1960 Rzym Ireneusz Paliński
24%
2000 Sydney Renata Mauer-Różańska
24%
1972 Monachium Zygmunt Smalcerz
24%
1964 Tokio Irena Kirszenstein
23%
1972 Monachium Zygmunt Maszczyk
23%
1976 Montreal Jerzy Rybicki
22%
1960 Rzym Kazimierz Paździor
22%
1972 Monachium Witold Woyda
22%
1972 Monachium Zygfryd Szołtysik
22%
1952 Helsinki Zygmunt Chychła
22%
1964 Tokio Ewa Kłobukowska
21%
1972 Monachium Kazimierz Kmiecik
21%
2008 Pekin Konrad Wasielewski
21%
1972 Monachium Lesław Ćmikiewicz
21%
1976 Montreal Ryszard Bosek
21%
1972 Monachium Zbigniew Gut
21%
1972 Monachium Zygmunt Anczok
21%
1976 Montreal Edward Skorek
20%
1972 Monachium Joachim Marx
20%
1972 Monachium Marian Ostafiński
20%
1972 Monachium Marian Szeja
20%
1996 Atlanta Włodzimierz Zawadzki
20%
2020 Tokio Dariusz Kowaluk
19%
1964 Tokio Halina Górecka
19%
1972 Monachium Jan Szczepański
19%
1972 Monachium Jerzy Kraska
19%
1976 Montreal Lech Łasko
19%
2008 Pekin Michał Jeliński
19%
1972 Monachium Ryszard Szymczak
19%
1972 Monachium Andrzej Jarosik
18%
1976 Montreal Bronisław Bebel
16%
1976 Montreal Kazimierz Lipień
16%
2016 Rio de Janeiro Natalia Madaj
16%
1976 Montreal Wiesław Gawłowski
16%
1972 Monachium Arkadiusz Godel
15%
1992 Barcelona Dariusz Goździak
15%
1972 Monachium Lech Koziejowski
15%
1976 Montreal Włodzimierz Sadalski
15%
1976 Montreal Włodzimierz Stefański
15%
1976 Montreal Zbigniew Lubiejewski
15%
1976 Montreal Zbigniew Zarzycki
15%
1992 Barcelona Maciej Czyżowicz
14%
2016 Rio de Janeiro Magdalena Fularczyk-Kozłowska
14%
1976 Montreal Marek Karbarz
14%
1976 Montreal Mirosław Rybaczewski
14%
1972 Monachium Marek Dąbrowski
13%
Nie znaleziono quizów pasujących do podanych kryteriów
Rozkład punktacji
Procent ludzi z każdym wynikiem
Percentyl według liczby udzielonych odpowiedzi
Twoja historia wyników
Nie rozwiązałeś tego quizu